Statistiques concernant Géographie du monde sur une carte n°2

Cliquez ici pour prendre le quiz!

Statistiques générales

  • Ce quiz a été pris 8,166 fois
  • Le résultat moyen est 13 sur 25

Statistiques - réponses

Genre Solution % Correct
DésertSahara
96%
VilleNew York City
89%
VilleBarcelone
86%
PaysEstonie
84%
PaysYémen
83%
PaysRépublique tchèque
78%
VilleBuenos Aires
72%
ÎleGroenland
70%
DésertGobi
65%
MontagneBlanc
64%
PaysBelize
57%
MontagneEverest
56%
PaysOuganda
55%
VilleMelbourne
52%
ÎleSicile
50%
VilleCalcutta
39%
ÎleSumatra
34%
ÎleHonshū
29%
ÎleHispaniola
21%
DésertKalahari
20%
MontagneDenali
17%
MontagneElbrouz
15%
DésertMojaves
14%
MontagneTable
9%
DésertGrand désert de sable
4%

Distribution des résultats

Percentile par nombre de réponses

% des personnes avec chaque résultat

Votre développement - résultats

Vous n’avez pas pris ce quiz